00748nam a2200193 a 450000100100000000500170001000800410002704000250006804100390009308200130013210000340014524501230017926000500030230000210035270000380037304900090041195201170042099900170053700002538920200930023743.0110215s1964 nyu r 001 0 spa d aDO-SdBNPbspacBNPHU17aspaheng2Código de idiomas MARC ann*bnn*1 aBenjamin, Harold R. W.95197713aLa educación superior en las repúblicas americanas /cHarold R. W. Benjamin ; traducción de F. J. Morales Belda. aNew York :bMe Graw-Hill Book Company,c1964. a249 p. ;c23 cm.1 aMorales Belda, F. J.,etr.951978 aBNGR 001054708MOaGRbGRcCTd2011-02-15iLF1l0onn* nn*p25389-10r2020-06-25w2020-06-25y4ZPréstamo en sala c24881d24881